Data compendium for the NAEP ... reading assessment of the nation and the states / (Record no. 530516)

MARC details
000 -LEADER
fixed length control field 01463namaa2200373 a 4500
001 - CONTROL NUMBER
control field vtls001228012
003 - CONTROL NUMBER IDENTIFIER
control field NLI
005 - DATE AND TIME OF LATEST TRANSACTION
control field 20210603173051.0
008 - FIXED-LENGTH DATA ELEMENTS--GENERAL INFORMATION
fixed length control field 120330s1973 dcu i000 0 eng
039 #9 - LEVEL OF BIBLIOGRAPHIC CONTROL AND CODING DETAIL [OBSOLETE]
-- 201203301812
-- VLOAD
040 ## - CATALOGING SOURCE
Original cataloging agency NLI
Transcribing agency VTLS-2012_FOD
Description conventions AACR2
041 0# - LANGUAGE CODE
Language code of text/sound track or separate title eng
044 ## - COUNTRY OF PUBLISHING/PRODUCING ENTITY CODE
MARC country code dcu
082 04 - DEWEY DECIMAL CLASSIFICATION NUMBER
Classification number 428.4076
245 00 - TITLE STATEMENT
Title Data compendium for the NAEP ... reading assessment of the nation and the states /
Statement of responsibility, etc. prepared by Educational Testing Service under contract with the National Center for Education Statistics
260 ## - PUBLICATION, DISTRIBUTION, ETC.
Place of publication, distribution, etc. Washington, D.C. :
Name of publisher, distributor, etc. Office of Educational Research and Improvement, U.S. Dept. of Education,
Date of publication, distribution, etc. 1973
300 ## - PHYSICAL DESCRIPTION
Extent xv, 199 p. ;
Dimensions 28 cm.
440 #0 - SERIES STATEMENT/ADDED ENTRY--TITLE
Title Nation's report card
490 1# - SERIES STATEMENT
Series statement Report
500 ## - GENERAL NOTE
General note Report 02-R-02
610 20 - SUBJECT ADDED ENTRY--CORPORATE NAME
Corporate name or jurisdiction name as entry element National Assessment of Educational Progress (Project)
650 #0 - SUBJECT ADDED ENTRY--TOPICAL TERM
Topical term or geographic name entry element Reading
General subdivision Ability testing
Geographic subdivision United States
Form subdivision Statistics
650 #0 - SUBJECT ADDED ENTRY--TOPICAL TERM
Topical term or geographic name entry element Reading
General subdivision Ability testing
Geographic subdivision United States
General subdivision States
Form subdivision Statistics
710 2# - ADDED ENTRY--CORPORATE NAME
Corporate name or jurisdiction name as entry element Educational Testing Service
9 (RLIN) 3399
710 2# - ADDED ENTRY--CORPORATE NAME
Corporate name or jurisdiction name as entry element National Center for Education Statistics.
9 (RLIN) 619733
710 2# - ADDED ENTRY--CORPORATE NAME
Corporate name or jurisdiction name as entry element National Assessment of Educational Progress (Project)
9 (RLIN) 666961
710 1# - ADDED ENTRY--CORPORATE NAME
Corporate name or jurisdiction name as entry element United States.
Subordinate unit Office of Educational Research and Improvement
9 (RLIN) 608291
887 ## - NON-MARC INFORMATION FIELD
Content of non-MARC field 4/70
901 ## - LOCAL DATA ELEMENT A, LDA (RLIN)
a AD 51367
b 02.08.1974
902 ## - LOCAL DATA ELEMENT B, LDB (RLIN)
a U.S 428.4076 Us 3
905 ## - LOCAL DATA ELEMENT E, LDE (RLIN)
a 4/70
942 ## - ADDED ENTRY ELEMENTS (KOHA)
Source of classification or shelving scheme Dewey Decimal Classification
Koha item type Books
949 ## - LOCAL PROCESSING INFORMATION (OCLC)
-- VIRTUAITEM
-- 10000
-- 100
6 ADX000051367ENG
Holdings
Withdrawn status Lost status Damaged status Not for loan Collection code Home library Current library Shelving location Date acquired Total Checkouts Full call number Barcode Date last seen Price effective from Koha item type
          National Library of India National Library of India       U.S 428.4076 Us 3 ADX000051367ENG 03/06/2021 03/06/2021 Books
                                                                           
web counter

Copyright ©2020 The National Library of India, Govt. of India ↔ Hosted by NVLI, MOC ↔ Technology and Design by National Library of India, Ministry of Culture, Govt. of India